LEADER 00930nam0 22002531i 450 001 UON00054433 005 20231205102240.516 100 $a20020107d1947 |0itac50 ba 101 $aara 102 $aEG 105 $a|||| 1|||| 200 1 $a'Otman b. 'Affan$fSadiq Ibrahim 'Argun 210 $aAl-Qahira$cMatba'a al-istiqamah$d1366h [1947] 215 $a228 p.$d25 cm 620 $aEG$dIl Cairo$3UONL000377 686 $aARA IV B$cPAESI ARABI - STORIA - BIOGRAFIE$2A 700 1$aARGUN$bSadiq Ibrahim$3UONV034538$0652474 712 $aMatba'ah al-istiqamah$3UONV254575$4650 801 $aIT$bSOL$c20240220$gRICA 899 $aSIBA - SISTEMA BIBLIOTECARIO DI ATENEO$2UONSI 912 $aUON00054433 950 $aSIBA - SISTEMA BIBLIOTECARIO DI ATENEO$dSI ARA IV B 086 $eSI MR 68431 5 086 996 $aOtman b. 'Affan$91151146 997 $aUNIOR